Celoživotné vzdelávanie ako cesta ku znalostnej spoločnosti skúsenosti PF UKF v Nitre
Význam celoživotného vzdelávania v Lisabonskej stratégii. Projekty rozvoja celoživotného vzdelávania. Vzdelávanie výchovných poradcov stredných škôl s akcentom na rozvoj poradenstva o povolaniach a zamestnaniach na PF UKF v Nitre.
Guardado en:
| Autor principal: | |
|---|---|
| Otros Autores: | , |
| Formato: | Capítulo de libro |
| Lenguaje: | eslovaco |
| Materias: | |
| Etiquetas: |
Sin Etiquetas, Sea el primero en etiquetar este registro!
|
MARC
| LEADER | 00000naa$a2200000$$$4500 | ||
|---|---|---|---|
| 001 | 0056168 | ||
| 005 | 20221207085708.0 | ||
| 041 | 0 | |a slo | |
| 044 | |a SK | ||
| 245 | 1 | 0 | |a Celoživotné vzdelávanie ako cesta ku znalostnej spoločnosti |b skúsenosti PF UKF v Nitre |c Gabriela Porubská, Dana Malá, Katarína Prokypčáková |
| 520 | |a Význam celoživotného vzdelávania v Lisabonskej stratégii. Projekty rozvoja celoživotného vzdelávania. Vzdelávanie výchovných poradcov stredných škôl s akcentom na rozvoj poradenstva o povolaniach a zamestnaniach na PF UKF v Nitre. | ||
| 610 | 2 | 0 | |a spoločnosť vedomostná |
| 610 | 2 | 0 | |a vzdelávanie celoživotné |
| 610 | 2 | 0 | |a projekty |
| 610 | 2 | 0 | |a Slovensko |
| 100 | 1 | |a Porubská, Gabriela | |
| 700 | 1 | |a Malá, Dana | |
| 700 | 1 | |a Prokypčáková, Katarína | |